[Event "43. Olimpiada Batumi 2018 Femenina"]
[Site "Batumi GEO"]
[Date "2018.10.04"]
[Round "10.1"]
[White "Cordero, Daniela"]
[Black "dos Ramos, Rosangela"]
[Result "1/2-1/2"]
[WhiteElo "2082"]
[BlackElo "1788"]
[PlyCount "65"]
[EventDate "2018.09.24"]
[EventType "team-swiss"]
[EventRounds "11"]
[EventCountry "GEO"]
[SourceTitle "Ajedrez en Madrid"]
[Source "lmi"]
[SourceDate "2018.09.24"]
[WhiteTeam "Bolivia"]
[BlackTeam "Surinam"]
[WhiteTeamCountry "BOL"]
[BlackTeamCountry "SUR"]

1. d4 g6 2. Nf3 Bg7 3. c4 d6 4. g3 Nf6 5. Bg2 c6 6. O-O O-O 7. Nc3 Qc7 8. e4 e5
9. h3 Nbd7 10. Be3 Rd8 11. Qc2 Nf8 12. Rad1 Ne6 13. Rd2 b6 14. Rfd1 Bb7 15. Ng5
Nxd4 16. Bxd4 exd4 17. Rxd4 Qe7 18. R4d3 Ng4 19. Nf3 Ne5 20. Nxe5 dxe5 21. Qd2
Rxd3 22. Qxd3 Bf6 23. a3 Rd8 24. Qc2 Rxd1+ 25. Nxd1 a5 26. h4 Bc8 27. Ne3 Qd6
28. Qa4 Be6 29. b4 axb4 30. axb4 Be7 31. b5 cxb5 32. Qxb5 Kg7 33. Nd5 1/2-1/2

[Event "43. Olimpiada Batumi 2018 Femenina"]
[Site "Batumi GEO"]
[Date "2018.10.04"]
[Round "10.2"]
[White "Tjong Tjin Joe, Kaithlyn"]
[Black "Ramirez, Maria Eugenia"]
[Result "0-1"]
[WhiteElo "1683"]
[BlackElo "2052"]
[PlyCount "44"]
[EventDate "2018.09.24"]
[EventType "team-swiss"]
[EventRounds "11"]
[EventCountry "GEO"]
[SourceTitle "Ajedrez en Madrid"]
[Source "lmi"]
[SourceDate "2018.09.24"]
[WhiteTeam "Surinam"]
[BlackTeam "Bolivia"]
[WhiteTeamCountry "SUR"]
[BlackTeamCountry "BOL"]

1. e4 e5 2. Nf3 Nc6 3. Bc4 Nf6 4. d3 Be7 5. c3 O-O 6. Nbd2 d5 7. exd5 Nxd5 8.
O-O Nf4 9. Nb3 Ng6 10. d4 exd4 11. Nbxd4 Na5 12. Be2 c5 13. Nb3 Nxb3 14. Qxb3
Qc7 15. Be3 Rb8 16. a4 b6 17. Qc2 Bb7 18. Rfd1 Bd6 19. h3 Bf4 20. Bxf4 Nxf4 21.
Nh4 Qe7 22. Bg4 Qxh4 0-1

[Event "43. Olimpiada Batumi 2018 Femenina"]
[Site "Batumi GEO"]
[Date "2018.10.04"]
[Round "10.3"]
[White "Molina, Jessica"]
[Black "Frijde, Reyna"]
[Result "1-0"]
[WhiteElo "1806"]
[BlackElo "1559"]
[PlyCount "109"]
[EventDate "2018.09.24"]
[EventType "team-swiss"]
[EventRounds "11"]
[EventCountry "GEO"]
[SourceTitle "Ajedrez en Madrid"]
[Source "lmi"]
[SourceDate "2018.09.24"]
[WhiteTeam "Bolivia"]
[BlackTeam "Surinam"]
[WhiteTeamCountry "BOL"]
[BlackTeamCountry "SUR"]

1. f4 d5 2. Nf3 c5 3. e3 Nc6 4. b3 Nf6 5. Bb2 e6 6. Bb5 Bd7 7. O-O Be7 8. d3
O-O 9. Nbd2 a6 10. Bxc6 Bxc6 11. Ne5 Qc7 12. Ndf3 a5 13. a4 Nd7 14. Qe1 f5 15.
Qg3 Bf6 16. Ng5 Bxg5 17. fxg5 Rad8 18. Qf4 Rc8 19. h4 b6 20. h5 Nxe5 21. Bxe5
Qf7 22. Qh4 Qe7 23. Qg3 Qd7 24. Rac1 Bb7 25. Bd6 Rfe8 26. Be5 Rf8 27. h6 g6 28.
Qf4 Rf7 29. Rf2 Rcf8 30. Bb2 Rc8 31. Qe5 Kf8 32. c4 Qc7 33. Qf4 Qxf4 34. exf4
d4 35. Re1 Re7 36. Rfe2 Kf7 37. Kh2 Rce8 38. Re5 Ba8 39. Kh3 Bb7 40. Ba3 Bc6
41. Bxc5 bxc5 42. Rxc5 Rb7 43. Rxc6 Rxb3 44. Rd1 Rb4 45. Rd6 Rxa4 46. Rxd4 Rb4
47. Re1 a4 48. Re5 Ke7 49. Ra5 Rd8 50. Ra7+ Ke8 51. Rxd8+ Kxd8 52. Rxh7 a3 53.
Ra7 Rb3 54. h7 Rxd3+ 55. g3 1-0

[Event "43. Olimpiada Batumi 2018 Femenina"]
[Site "Batumi GEO"]
[Date "2018.10.04"]
[Round "10.4"]
[White "Kaslan, Alexandra"]
[Black "Mendoza, Samantha"]
[Result "1/2-1/2"]
[WhiteElo "1414"]
[BlackElo "1763"]
[PlyCount "74"]
[EventDate "2018.09.24"]
[EventType "team-swiss"]
[EventRounds "11"]
[EventCountry "GEO"]
[SourceTitle "Ajedrez en Madrid"]
[Source "lmi"]
[SourceDate "2018.09.24"]
[WhiteTeam "Surinam"]
[BlackTeam "Bolivia"]
[WhiteTeamCountry "SUR"]
[BlackTeamCountry "BOL"]

1. d4 Nf6 2. Nf3 g6 3. c4 Bg7 4. Nc3 O-O 5. e4 d6 6. Be3 Nbd7 7. Bd3 Ng4 8. Bd2
e5 9. d5 Nc5 10. Bc2 f5 11. Bg5 Bf6 12. Bxf6 Qxf6 13. h3 Nxf2 14. Kxf2 fxe4 15.
Nxe4 Qh4+ 16. Ke2 Qf4 17. Nxc5 dxc5 18. Rf1 Qxc4+ 19. Qd3 Qb4 20. Bb3 e4 21.
d6+ Kg7 22. Qd5 exf3+ 23. Rxf3 Bf5 24. Qe5+ Kh6 25. Qe3+ g5 26. Rxf5 Rxf5 27.
Qe6+ Kh5 28. g4+ Kh4 29. gxf5 Qb5+ 30. Qc4+ Qxc4+ 31. Bxc4 cxd6 32. Rf1 Kxh3
33. Rh1+ Kg4 34. Rxh7 Kxf5 35. Rxb7 a5 36. Rf7+ Ke5 37. Re7+ Kd4 1/2-1/2

[Event "43. Olimpiada Batumi 2018 Femenina"]
[Site "Batumi GEO"]
[Date "2018.10.04"]
[Round "10.1"]
[White "Milligan, Helen"]
[Black "Granados Diaz, Maria Esther"]
[Result "1-0"]
[WhiteElo "1942"]
[BlackElo "1817"]
[PlyCount "67"]
[EventDate "2018.09.24"]
[EventType "team-swiss"]
[EventRounds "11"]
[EventCountry "GEO"]
[SourceTitle "Ajedrez en Madrid"]
[Source "lmi"]
[SourceDate "2018.09.24"]
[WhiteTeam "New Zealand"]
[BlackTeam "Nicaragua"]
[WhiteTeamCountry "NZL"]
[BlackTeamCountry "NCA"]

1. e4 c5 2. Nf3 a6 3. c4 g6 4. Nc3 Nc6 5. d4 cxd4 6. Nxd4 Bg7 7. Be3 d6 8. Be2
Nf6 9. O-O O-O 10. Qd2 Bd7 11. f3 Nxd4 12. Bxd4 Bc6 13. Rfd1 Re8 14. Rac1 Qa5
15. Be3 Nd7 16. a3 Qd8 17. b4 b6 18. Qe1 a5 19. Qf2 axb4 20. axb4 Ra3 21. Nd5
Bxd5 22. cxd5 Qb8 23. Bb5 Rd8 24. Bxd7 Rxd7 25. Bxb6 Bh6 26. Rc6 Rb7 27. Kf1
Qa8 28. Ba5 Be3 29. Qc2 Rb8 30. Qc4 Qa7 31. Ra6 Qd7 32. Qc6 Rb7 33. Ra8+ Kg7
34. Rd8 1-0

[Event "43. Olimpiada Batumi 2018 Femenina"]
[Site "Batumi GEO"]
[Date "2018.10.04"]
[Round "10.2"]
[White "Leon Sandoval, Johan"]
[Black "Punsalan, Vyanla M"]
[Result "0-1"]
[WhiteElo "1708"]
[BlackElo "1932"]
[PlyCount "54"]
[EventDate "2018.09.24"]
[EventType "team-swiss"]
[EventRounds "11"]
[EventCountry "GEO"]
[SourceTitle "Ajedrez en Madrid"]
[Source "lmi"]
[SourceDate "2018.09.24"]
[WhiteTeam "Nicaragua"]
[BlackTeam "New Zealand"]
[WhiteTeamCountry "NCA"]
[BlackTeamCountry "NZL"]

1. c4 f5 2. g3 Nf6 3. Bg2 g6 4. e3 d6 5. Ne2 Bg7 6. O-O O-O 7. Nbc3 Qe8 8. d3
e5 9. Rb1 g5 10. f4 h6 11. b4 Kh8 12. Nd5 Nxd5 13. cxd5 Rg8 14. Bb2 Nd7 15. Qc2
Nf6 16. Rfe1 Ng4 17. Nc3 exf4 18. gxf4 gxf4 19. h3 Nxe3 20. Qf2 Be5 21. Rxe3
fxe3 22. Qxe3 f4 23. Qf3 Rg3 24. Qf2 Bxh3 25. Qxg3 fxg3 26. Bxh3 Qh5 27. Kg2
Rf8 0-1

[Event "43. Olimpiada Batumi 2018 Femenina"]
[Site "Batumi GEO"]
[Date "2018.10.04"]
[Round "10.3"]
[White "Qin, Nicole Shu Yu"]
[Black "Narvaez Talavera, Joanie Ellen"]
[Result "0-1"]
[WhiteElo "1790"]
[BlackElo "1670"]
[PlyCount "108"]
[EventDate "2018.09.24"]
[EventType "team-swiss"]
[EventRounds "11"]
[EventCountry "GEO"]
[SourceTitle "Ajedrez en Madrid"]
[Source "lmi"]
[SourceDate "2018.09.24"]
[WhiteTeam "New Zealand"]
[BlackTeam "Nicaragua"]
[WhiteTeamCountry "NZL"]
[BlackTeamCountry "NCA"]

1. d4 d5 2. c4 c6 3. Nc3 Nf6 4. e3 Bf5 5. Nf3 e6 6. Nh4 Be4 7. f3 Bg6 8. Nxg6
hxg6 9. e4 Be7 10. b3 Bb4 11. Bb2 dxe4 12. Qd2 exf3 13. gxf3 Nbd7 14. O-O-O Qa5
15. Kb1 O-O-O 16. Qe3 Kb8 17. Bg2 Bxc3 18. Bxc3 Qf5+ 19. Ka1 Nb6 20. h3 Nh5 21.
Qf2 Nf4 22. Bf1 Nxh3 23. Qg3+ Nf4 24. Rxh8 Rxh8 25. Bd2 g5 26. Re1 Nd7 27. Bc3
Ka8 28. Qf2 Nd3 29. Bxd3 Qxd3 30. Bb2 Rh3 31. Qg2 Qxf3 32. Qxg5 Qf6 33. Qg2 Qh4
34. Rg1 g6 35. Rf1 Rh2 36. Qf3 f5 37. d5 exd5 38. cxd5 Qe4 39. Qg3 Qe2 40. Rb1
Qg2 41. Qc7 Nb8 42. d6 Qd2 43. Qe7 Re2 44. Qf6 f4 45. a3 g5 46. Rg1 Re1+ 47.
Rxe1 Qxe1+ 48. Ka2 Qd2 49. Qxg5 Qxd6 50. Be5 Qd2+ 51. Bb2 Qf2 52. Kb1 Qe1+ 53.
Bc1 f3 54. Qe3 f2 0-1

[Event "43. Olimpiada Batumi 2018 Femenina"]
[Site "Batumi GEO"]
[Date "2018.10.04"]
[Round "10.4"]
[White "Alvarez Gutierrez, Patricia"]
[Black "Qin, Joy Shu Yan"]
[Result "1/2-1/2"]
[WhiteElo "1623"]
[BlackElo "1727"]
[PlyCount "74"]
[EventDate "2018.09.24"]
[EventType "team-swiss"]
[EventRounds "11"]
[EventCountry "GEO"]
[SourceTitle "Ajedrez en Madrid"]
[Source "lmi"]
[SourceDate "2018.09.24"]
[WhiteTeam "Nicaragua"]
[BlackTeam "New Zealand"]
[WhiteTeamCountry "NCA"]
[BlackTeamCountry "NZL"]

1. d4 d5 2. Bf4 e6 3. e3 Bd6 4. Bg3 Ne7 5. Nd2 c5 6. c3 Nbc6 7. Ngf3 O-O 8. Bd3
h6 9. O-O a6 10. dxc5 Bxc5 11. Nb3 Bd6 12. Nbd4 Bxg3 13. hxg3 Qc7 14. e4 e5 15.
Nb3 Bg4 16. exd5 Nxd5 17. Be4 Nf6 18. Bxc6 bxc6 19. Qc2 c5 20. Nbd2 Rad8 21.
Rfe1 Rfe8 22. Qa4 Qb7 23. Qc2 e4 24. Nh2 Bd7 25. Nc4 Bb5 26. Qb3 Rd7 27. Rad1
Red8 28. Ne5 Rxd1 29. Rxd1 Qc7 30. Rxd8+ Qxd8 31. Qxf7+ Kh8 32. Ng6+ Kh7 33.
Nf8+ Kh8 34. Ng6+ Kh7 35. Nf8+ Kh8 36. Ng6+ Kh7 37. Nf8+ Kh8 1/2-1/2

[Event "43. Olimpiada Batumi 2018 Femenina"]
[Site "Batumi GEO"]
[Date "2018.10.04"]
[Round "10.1"]
[White "Anandpara, Jayendra Saloni"]
[Black "Ptacnikova, Lenka"]
[Result "0-1"]
[WhiteElo "1326"]
[BlackElo "2211"]
[PlyCount "66"]
[EventDate "2018.09.24"]
[EventType "team-swiss"]
[EventRounds "11"]
[EventCountry "GEO"]
[SourceTitle "Ajedrez en Madrid"]
[Source "lmi"]
[SourceDate "2018.09.24"]
[WhiteTeam "Hong Kong"]
[BlackTeam "Iceland"]
[WhiteTeamCountry "HKG"]
[BlackTeamCountry "ISL"]

1. d4 d6 2. Bf4 g6 3. c3 Bg7 4. h3 Nd7 5. Bh2 e5 6. e3 e4 7. Nd2 f5 8. f3 Qh4+
9. g3 Qe7 10. fxe4 fxe4 11. Ne2 Ngf6 12. Bg2 d5 13. g4 c6 14. Qc2 O-O 15. O-O-O
b5 16. b4 a5 17. a3 axb4 18. axb4 Nb6 19. Rdf1 Be6 20. g5 Nh5 21. Rxf8+ Rxf8
22. Bf4 Nxf4 23. exf4 Bf5 24. Ng3 e3 25. Nxf5 exd2+ 26. Qxd2 Rxf5 27. Rf1 Nc4
28. Re1 Be5 29. Qe2 Bxf4+ 30. Kc2 Be3 31. Rf1 Qa7 32. Kd3 Rxf1 33. Qxf1 Qa2 0-1

[Event "43. Olimpiada Batumi 2018 Femenina"]
[Site "Batumi GEO"]
[Date "2018.10.04"]
[Round "10.2"]
[White "Thorsteinsdottir, Gudlaug"]
[Black "Leung, Hoi Ting"]
[Result "1-0"]
[WhiteElo "1981"]
[BlackElo "1284"]
[PlyCount "101"]
[EventDate "2018.09.24"]
[EventType "team-swiss"]
[EventRounds "11"]
[EventCountry "GEO"]
[SourceTitle "Ajedrez en Madrid"]
[Source "lmi"]
[SourceDate "2018.09.24"]
[WhiteTeam "Iceland"]
[BlackTeam "Hong Kong"]
[WhiteTeamCountry "ISL"]
[BlackTeamCountry "HKG"]

1. e4 c5 2. Nc3 d6 3. f4 Nc6 4. Nf3 Bg4 5. Bc4 Nf6 6. h3 Bxf3 7. Qxf3 e5 8. d3
a6 9. a4 Nd4 10. Qf2 Be7 11. O-O O-O 12. f5 Rb8 13. a5 Qd7 14. g4 h6 15. Kh2
Nb5 16. Na4 Qd8 17. Nb6 Nd7 18. Nd5 Bh4 19. Qg2 Nc7 20. Nxc7 Qxc7 21. g5 hxg5
22. Bxg5 Bxg5 23. Qxg5 Qd8 24. f6 Nxf6 25. Rf5 Nxe4 26. dxe4 Qxg5 27. Rxg5 Kh7
28. Rh5+ Kg6 29. Rf5 f6 30. Rd1 b5 31. axb6 Rxb6 32. b3 Kh6 33. Ra1 Ra8 34. Ra5
Rf8 35. Rxa6 Rxa6 36. Bxa6 Ra8 37. Bd3 Kg6 38. Rf1 Kh6 39. Kg3 Kg6 40. Bc4 Rd8
41. Kg4 Rf8 42. h4 Kh6 43. Ra1 Rd8 44. Ra7 Kg6 45. h5+ Kh6 46. Bf7 Kh7 47. Kf5
Kh6 48. Re7 Kh7 49. Bg6+ Kh6 50. Re8 Rxe8 51. Bxe8 1-0

[Event "43. Olimpiada Batumi 2018 Femenina"]
[Site "Batumi GEO"]
[Date "2018.10.04"]
[Round "10.3"]
[White "Ng, Sau Wai"]
[Black "Davidsdottir, Nansy"]
[Result "0-1"]
[WhiteElo "1222"]
[BlackElo "1945"]
[PlyCount "60"]
[EventDate "2018.09.24"]
[EventType "team-swiss"]
[EventRounds "11"]
[EventCountry "GEO"]
[SourceTitle "Ajedrez en Madrid"]
[Source "lmi"]
[SourceDate "2018.09.24"]
[WhiteTeam "Hong Kong"]
[BlackTeam "Iceland"]
[WhiteTeamCountry "HKG"]
[BlackTeamCountry "ISL"]

1. d4 d5 2. c4 e6 3. Nc3 Nf6 4. Nf3 c6 5. e3 Nbd7 6. Qc2 Bd6 7. Bd3 dxc4 8.
Bxc4 b5 9. Bd3 Bb7 10. O-O O-O 11. Bd2 Qe7 12. Rfe1 e5 13. a4 b4 14. Ne4 Nxe4
15. Bxe4 g6 16. Rad1 Rac8 17. Qb1 f5 18. dxe5 Nxe5 19. Nxe5 Qxe5 20. g3 Qxe4
21. Qxe4 fxe4 22. Bc1 Rfd8 23. Rd4 c5 24. Rc4 Bd5 25. Rc2 Bb3 26. Rd2 Bxa4 27.
Kg2 Be5 28. Rde2 c4 29. f4 exf3+ 30. Kxf3 Bd1 0-1

[Event "43. Olimpiada Batumi 2018 Femenina"]
[Site "Batumi GEO"]
[Date "2018.10.04"]
[Round "10.4"]
[White "Johannsdottir, Johanna Bjorg"]
[Black "Li, Joy Ching"]
[Result "1-0"]
[WhiteElo "1900"]
[BlackElo "1137"]
[PlyCount "81"]
[EventDate "2018.09.24"]
[EventType "team-swiss"]
[EventRounds "11"]
[EventCountry "GEO"]
[SourceTitle "Ajedrez en Madrid"]
[Source "lmi"]
[SourceDate "2018.09.24"]
[WhiteTeam "Iceland"]
[BlackTeam "Hong Kong"]
[WhiteTeamCountry "ISL"]
[BlackTeamCountry "HKG"]

1. e4 d5 2. exd5 Nf6 3. Bb5+ Bd7 4. Bc4 c6 5. Nc3 Bg4 6. f3 Bf5 7. dxc6 Nxc6 8.
d3 e5 9. Be3 Bd6 10. Nge2 Qe7 11. Ng3 Be6 12. Bxe6 Qxe6 13. a3 Nd7 14. Nce4 Be7
15. Bf2 a6 16. Qd2 h6 17. O-O O-O 18. f4 Nf6 19. fxe5 Nxe5 20. Rae1 Qd7 21. Nc5
Bxc5 22. Bxc5 Rfe8 23. Nf5 Kh7 24. Qf2 Neg4 25. Qf4 g5 26. Qf3 Rxe1 27. Rxe1
Qc7 28. Bd6 Qb6+ 29. d4 Qxb2 30. h3 Rd8 31. Qd3 Qb6 32. hxg4 Kg8 33. Nxh6+ Kg7
34. Nf5+ Kg8 35. Ne7+ Kg7 36. Be5 Re8 37. Nd5 Qc6 38. Nxf6 Kf8 39. Bd6+ Re7 40.
Bxe7+ Kg7 41. Qh7# 1-0

[Event "43. Olimpiada Batumi 2018 Femenina"]
[Site "Batumi GEO"]
[Date "2018.10.04"]
[Round "10.1"]
[White "Mutesi, Phiona"]
[Black "Assa, Oluwaseun"]
[Result "1-0"]
[WhiteElo "1637"]
[BlackElo "1881"]
[PlyCount "75"]
[EventDate "2018.09.24"]
[EventType "team-swiss"]
[EventRounds "11"]
[EventCountry "GEO"]
[SourceTitle "Ajedrez en Madrid"]
[Source "lmi"]
[SourceDate "2018.09.24"]
[WhiteTeam "Uganda"]
[BlackTeam "Nigeria"]
[WhiteTeamCountry "UGA"]
[BlackTeamCountry "NGR"]

1. e4 e5 2. Nf3 Nc6 3. Bc4 Be7 4. d4 d6 5. h3 Nf6 6. Nc3 O-O 7. a3 Bd7 8. O-O
a6 9. Be3 h6 10. Qe2 Nh7 11. Rad1 Kh8 12. dxe5 Nxe5 13. Nxe5 dxe5 14. Qh5 f6
15. Bf7 Bd6 16. Bd5 Be8 17. Qh4 Bc6 18. Bc4 f5 19. Qxd8 Raxd8 20. exf5 Rxf5 21.
Bd3 Rff8 22. f3 Nf6 23. Rfe1 Nh5 24. Ne4 Nf4 25. Bxf4 exf4 26. Nxd6 Rxd6 27.
Re7 Bd7 28. Rde1 b5 29. b3 c5 30. R1e5 Rc8 31. Be4 Kg8 32. Bd5+ Kh8 33. c4 Bc6
34. Bf7 Rd1+ 35. Kh2 bxc4 36. bxc4 Rd2 37. Rxc5 Ra2 38. Bd5 1-0

[Event "43. Olimpiada Batumi 2018 Femenina"]
[Site "Batumi GEO"]
[Date "2018.10.04"]
[Round "10.2"]
[White "Chukwuemeka-Ehirim, Chinyere"]
[Black "Namaganda, Christine"]
[Result "0-1"]
[WhiteElo "1871"]
[BlackElo "1581"]
[PlyCount "104"]
[EventDate "2018.09.24"]
[EventType "team-swiss"]
[EventRounds "11"]
[EventCountry "GEO"]
[SourceTitle "Ajedrez en Madrid"]
[Source "lmi"]
[SourceDate "2018.09.24"]
[WhiteTeam "Nigeria"]
[BlackTeam "Uganda"]
[WhiteTeamCountry "NGR"]
[BlackTeamCountry "UGA"]

1. Nf3 Nf6 2. d4 d6 3. e3 g6 4. b3 Bg7 5. Bb2 c6 6. Nbd2 Nbd7 7. Bd3 b5 8. a3
d5 9. b4 Nb6 10. O-O Qc7 11. Ne5 O-O 12. f4 Nc4 13. Nexc4 bxc4 14. Be2 a5 15.
c3 Bf5 16. Nf3 Ne4 17. Nd2 Nd6 18. Bg4 Bxg4 19. Qxg4 f5 20. Qe2 Ra6 21. Nf3
Rfa8 22. Ng5 Qd7 23. Nf3 axb4 24. axb4 Ne4 25. Ne5 Bxe5 26. Rxa6 Rxa6 27. fxe5
Ra2 28. Rc1 Qa7 29. Rc2 Rxb2 30. g4 Rxc2 31. Qxc2 Qa1+ 32. Kg2 Qxc3 33. Qe2 Qd2
34. Qxd2 Nxd2 35. gxf5 gxf5 36. Kf2 e6 37. Ke2 c3 38. Kd3 Ne4 39. Kc2 Kf7 40.
h3 Kg6 41. Kd3 Kg5 42. Kc2 Kh4 43. Kb3 Kxh3 44. Ka4 c2 45. Ka5 c1=Q 46. Kb6 h5
47. Kc7 Kg4 48. Kd7 Ng5 49. Kd6 h4 50. Ke7 h3 51. Kf6 h2 52. Kg6 h1=Q 0-1

[Event "43. Olimpiada Batumi 2018 Femenina"]
[Site "Batumi GEO"]
[Date "2018.10.04"]
[Round "10.3"]
[White "Nakabo, Peninah"]
[Black "Akintoye, Deborah"]
[Result "1-0"]
[WhiteElo "1581"]
[BlackElo "1853"]
[PlyCount "57"]
[EventDate "2018.09.24"]
[EventType "team-swiss"]
[EventRounds "11"]
[EventCountry "GEO"]
[SourceTitle "Ajedrez en Madrid"]
[Source "lmi"]
[SourceDate "2018.09.24"]
[WhiteTeam "Uganda"]
[BlackTeam "Nigeria"]
[WhiteTeamCountry "UGA"]
[BlackTeamCountry "NGR"]

1. e4 e5 2. Nf3 Nc6 3. d4 exd4 4. Bc4 Be7 5. Nxd4 d6 6. Nxc6 bxc6 7. O-O Nf6 8.
Nc3 O-O 9. Bd2 Be6 10. Bd3 h6 11. f4 Nh7 12. Qf3 d5 13. f5 dxe4 14. Qxe4 Bc5+
15. Kh1 Bd5 16. Nxd5 cxd5 17. Qf3 c6 18. f6 Nxf6 19. Bxh6 Qd7 20. Bxg7 Ne4 21.
Bxf8 Nd2 22. Qf4 Ne4 23. Bxc5 Nxc5 24. Qg5+ Kf8 25. Qh6+ Ke7 26. Qf6+ Ke8 27.
Qh8+ Ke7 28. Qxa8 Nxd3 29. cxd3 1-0

[Event "43. Olimpiada Batumi 2018 Femenina"]
[Site "Batumi GEO"]
[Date "2018.10.04"]
[Round "10.4"]
[White "Ogbiyoyo, Perpetual Eloho"]
[Black "Ampaire, Shakira"]
[Result "1-0"]
[WhiteElo "1830"]
[BlackElo "1512"]
[PlyCount "95"]
[EventDate "2018.09.24"]
[EventType "team-swiss"]
[EventRounds "11"]
[EventCountry "GEO"]
[SourceTitle "Ajedrez en Madrid"]
[Source "lmi"]
[SourceDate "2018.09.24"]
[WhiteTeam "Nigeria"]
[BlackTeam "Uganda"]
[WhiteTeamCountry "NGR"]
[BlackTeamCountry "UGA"]

1. e4 c5 2. Nc3 Nc6 3. f4 e6 4. Nf3 Nge7 5. Bb5 a6 6. Bxc6 Nxc6 7. O-O Be7 8.
d3 O-O 9. Qe1 d5 10. e5 b5 11. Bd2 Qb6 12. Kh1 g6 13. Qg3 Nb4 14. Rac1 d4 15.
Ne4 Nxa2 16. Ra1 Nb4 17. Bxb4 cxb4 18. Nf6+ Bxf6 19. exf6 h6 20. Qh4 Qd8 21.
Ne5 Bb7 22. Ng4 h5 23. Ne5 Kh7 24. Qg5 Rc8 25. Rac1 Rc7 26. f5 exf5 27. Rxf5
Qd5 28. Rg1 Rxc2 29. Nxg6 Qxg2+ 30. Rxg2 Bxg2+ 31. Kg1 fxg6 32. Re5 Rf7 33. Re7
Rxe7 34. fxe7 Bc6 35. Qf6 Be8 36. Qxd4 Kg8 37. Qd5+ Kg7 38. Qe5+ Kf7 39. d4
Rxb2 40. d5 Rd2 41. Qf4+ Kxe7 42. Qxd2 a5 43. d6+ Kd7 44. Kf2 g5 45. Kf3 Kc6
46. Ke4 Kd7 47. Ke5 g4 48. Qc2 1-0

[Event "43. Olimpiada Batumi 2018 Femenina"]
[Site "Batumi GEO"]
[Date "2018.10.04"]
[Round "10.1"]
[White "Figueroa, Julissa"]
[Black "Hamoonga, Linda Banti"]
[Result "1-0"]
[WhiteElo "1666"]
[BlackElo "1767"]
[PlyCount "29"]
[EventDate "2018.09.24"]
[EventType "team-swiss"]
[EventRounds "11"]
[EventCountry "GEO"]
[SourceTitle "Ajedrez en Madrid"]
[Source "lmi"]
[SourceDate "2018.09.24"]
[WhiteTeam "Barbados"]
[BlackTeam "Zambia"]
[WhiteTeamCountry "BAR"]
[BlackTeamCountry "ZAM"]

1. e4 c5 2. Nf3 e6 3. d4 cxd4 4. Nxd4 Nf6 5. Nc3 Bb4 6. Bd3 Bxc3+ 7. bxc3 Qc7
8. Nb5 Qc6 9. e5 Nd5 10. Ba3 Ne7 11. Nd6+ Kf8 12. O-O Na6 13. Qh5 g6 14. Qh6+
Kg8 15. Ne8 1-0

[Event "43. Olimpiada Batumi 2018 Femenina"]
[Site "Batumi GEO"]
[Date "2018.10.04"]
[Round "10.2"]
[White "Bwalya Mulwale, Lubuuto"]
[Black "Blackman, Katrina"]
[Result "1-0"]
[WhiteElo "1607"]
[BlackElo "1755"]
[PlyCount "63"]
[EventDate "2018.09.24"]
[EventType "team-swiss"]
[EventRounds "11"]
[EventCountry "GEO"]
[SourceTitle "Ajedrez en Madrid"]
[Source "lmi"]
[SourceDate "2018.09.24"]
[WhiteTeam "Zambia"]
[BlackTeam "Barbados"]
[WhiteTeamCountry "ZAM"]
[BlackTeamCountry "BAR"]

1. d4 e6 2. Nf3 f5 3. Bf4 Nf6 4. e3 d5 5. Nbd2 Be7 6. Be2 O-O 7. h3 Ne4 8. c4
c6 9. Qc2 Nd7 10. c5 Qe8 11. b4 a6 12. a4 Nxd2 13. Qxd2 Nf6 14. O-O Ne4 15. Qb2
Bf6 16. Ne5 Bd7 17. b5 Qc8 18. Rfc1 Bg5 19. bxc6 Bxc6 20. Nxc6 Qxc6 21. Be5 Bf6
22. Bh2 Rfc8 23. Qb6 Qxb6 24. cxb6 Bh4 25. f3 Bf2+ 26. Kf1 Rxc1+ 27. Rxc1 Bxe3
28. Rc7 Nf6 29. Be5 f4 30. Rxb7 Rc8 31. Rc7 Rb8 32. b7 1-0

[Event "43. Olimpiada Batumi 2018 Femenina"]
[Site "Batumi GEO"]
[Date "2018.10.04"]
[Round "10.3"]
[White "Cumberbatch, Gabriela"]
[Black "Simenda, Daisy"]
[Result "0-1"]
[WhiteElo "1402"]
[BlackElo "1509"]
[PlyCount "116"]
[EventDate "2018.09.24"]
[EventType "team-swiss"]
[EventRounds "11"]
[EventCountry "GEO"]
[SourceTitle "Ajedrez en Madrid"]
[Source "lmi"]
[SourceDate "2018.09.24"]
[WhiteTeam "Barbados"]
[BlackTeam "Zambia"]
[WhiteTeamCountry "BAR"]
[BlackTeamCountry "ZAM"]

1. e4 e5 2. Nf3 Nc6 3. Nc3 Nf6 4. d4 exd4 5. Nxd4 Nxd4 6. Qxd4 d6 7. Bg5 Be7 8.
Bc4 O-O 9. O-O Bd7 10. Rfe1 Ne8 11. Bxe7 Qxe7 12. Qe3 Bc6 13. Qg3 Qf6 14. Rad1
g6 15. Re3 Qg7 16. b4 a6 17. Bb3 Nf6 18. Rde1 Rae8 19. Qf3 Re7 20. Qe2 Rfe8 21.
a4 Bd7 22. Qc4 Bc8 23. Nd5 Nxd5 24. Qxd5 Kh8 25. Qd3 Kg8 26. h3 Qe5 27. Rf3 Bd7
28. Qc4 Be6 29. Qd3 d5 30. Qe2 dxe4 31. Qxe4 Bxb3 32. Qxe5 Rxe5 33. Rxe5 Rxe5
34. Rxb3 Re1+ 35. Kh2 Re2 36. Rc3 c6 37. f3 Kg7 38. Kg3 Kf6 39. Rc4 h5 40. h4
Ke5 41. f4+ Kd5 42. Rc5+ Kd6 43. Kf3 Rd2 44. Rc3 Kd5 45. Rc5+ Kd4 46. f5 Rd1
47. Ke2 Rg1 48. c3+ Ke4 49. Kf2 Rd1 50. fxg6 fxg6 51. Ke2 Rd6 52. Rg5 b6 53. c4
Kd4 54. c5 bxc5 55. Rxc5 Rf6 56. Ra5 Kc4 57. Rxa6 Kxb4 58. Ra7 c5 0-1

[Event "43. Olimpiada Batumi 2018 Femenina"]
[Site "Batumi GEO"]
[Date "2018.10.04"]
[Round "10.4"]
[White "Mbatha, Constance"]
[Black "Murray, Donna"]
[Result "1-0"]
[WhiteElo "1734"]
[BlackElo "1318"]
[PlyCount "65"]
[EventDate "2018.09.24"]
[EventType "team-swiss"]
[EventRounds "11"]
[EventCountry "GEO"]
[SourceTitle "Ajedrez en Madrid"]
[Source "lmi"]
[SourceDate "2018.09.24"]
[WhiteTeam "Zambia"]
[BlackTeam "Barbados"]
[WhiteTeamCountry "ZAM"]
[BlackTeamCountry "BAR"]

1. e4 e6 2. Nf3 d5 3. exd5 exd5 4. d4 Nc6 5. Be2 Be6 6. O-O Bd6 7. b3 Qd7 8. c4
f6 9. Nc3 O-O-O 10. cxd5 Bxd5 11. Nxd5 Nh6 12. Ne3 g5 13. Nc4 Bf4 14. g3 Rhg8
15. Kg2 Bxc1 16. Rxc1 g4 17. Ng1 Nxd4 18. Ne3 f5 19. Rc4 Qg7 20. Qc1 Rd7 21.
Nc2 Nxe2 22. Nxe2 Re8 23. Nf4 Qf7 24. Re1 Ng8 25. Rxe8+ Qxe8 26. Qe3 Ne7 27.
Qxa7 Nc6 28. Qe3 Re7 29. Qd3 Qf7 30. Rc5 Rd7 31. Qxf5 Qe7 32. Rd5 Ne5 33. Rxe5
1-0